| 000 | 00587cam a2200193 a 4500 | ||
|---|---|---|---|
| 999 |
_c6423 _d6423 |
||
| 001 | 1183 | ||
| 003 | BD-DhUAP | ||
| 005 | 20201231102756.0 | ||
| 008 | 201231s1991 bg abf b f000 0 eng | ||
| 040 |
_aBD-DhUAP _cBD-DhUAP _dBD-DhUAP _bEng |
||
| 082 |
_a330.95492 FOU _223 |
||
| 245 |
_aThe fourth five year plan : _b1990-95. |
||
| 260 |
_aDhaka : _bPlanning Commission, _cc1991. |
||
| 300 |
_avarious pages : _billustrations ; _c28 cm. |
||
| 650 |
_aEconomic policy _zBangladesh. |
||
| 710 | _aPlanning commission. | ||
| 942 |
_2ddc _cBK |
||